<?xml version="1.0" encoding="UTF-8"?>
<record
    xmlns:xsi="http://www.w3.org/2001/XMLSchema-instance"
    xsi:schemaLocation="http://www.loc.gov/MARC21/slim http://www.loc.gov/standards/marcxml/schema/MARC21slim.xsd"
    xmlns="http://www.loc.gov/MARC21/slim">

  <leader>00565nam a22001577a 4500</leader>
  <controlfield tag="003">LRUA</controlfield>
  <controlfield tag="005">20200428144450.0</controlfield>
  <controlfield tag="008">200428b        xxu||||| |||| 00| 0 eng d</controlfield>
  <datafield tag="040" ind1=" " ind2=" ">
    <subfield code="c">RUA</subfield>
  </datafield>
  <datafield tag="082" ind1=" " ind2=" ">
    <subfield code="a">RUB THA 2018 B662 Or.1</subfield>
  </datafield>
  <datafield tag="100" ind1=" " ind2=" ">
    <subfield code="9">14234</subfield>
    <subfield code="a">THAN VIRAK &#x1790;&#x1793; &#x179C;&#x17B7;&#x179A;&#x17C8;</subfield>
  </datafield>
  <datafield tag="245" ind1=" " ind2=" ">
    <subfield code="a">compare the growth of four rubber clones (RRIC 100, pb 260 PB235 &#x1793;&#x17B7;&#x1784;GT1)&#x1793;&#x17C5;&#x1780;&#x17D2;&#x179A;&#x17BB;&#x1798;&#x17A0;&#x17CA;&#x17BB;&#x1793; &#x1798;&#x17C9;&#x17BB;&#x1784;&#x17AC;&#x1791;&#x17D2;&#x1792;&#x17B8; &#x1782;&#x17D2;&#x179A;&#x17BB;&#x1794; &#x1781;&#x17BC;&#x17A2;&#x17B7;&#x179B;&#x1792;&#x17B8;&#x1792;&#x17B8; </subfield>
  </datafield>
  <datafield tag="260" ind1=" " ind2=" ">
    <subfield code="a">RUA</subfield>
    <subfield code="b">Phnom penh</subfield>
    <subfield code="c">2018</subfield>
  </datafield>
  <datafield tag="300" ind1=" " ind2=" ">
    <subfield code="a">ix40p</subfield>
    <subfield code="b">ill;</subfield>
    <subfield code="c">29cm</subfield>
  </datafield>
  <datafield tag="942" ind1=" " ind2=" ">
    <subfield code="2">ddc</subfield>
    <subfield code="c">RUB</subfield>
  </datafield>
  <datafield tag="999" ind1=" " ind2=" ">
    <subfield code="c">19164</subfield>
    <subfield code="d">19164</subfield>
  </datafield>
  <datafield tag="952" ind1=" " ind2=" ">
    <subfield code="0">0</subfield>
    <subfield code="1">0</subfield>
    <subfield code="2">ddc</subfield>
    <subfield code="4">0</subfield>
    <subfield code="6">RUB_THA_2018_000000000000000_B662_OR_1</subfield>
    <subfield code="7">0</subfield>
    <subfield code="9">84177</subfield>
    <subfield code="a">LBB</subfield>
    <subfield code="b">LBB</subfield>
    <subfield code="c">B662</subfield>
    <subfield code="d">2020-04-28</subfield>
    <subfield code="o">RUB THA 2018 B662 Or.1</subfield>
    <subfield code="p">A42490</subfield>
    <subfield code="r">2020-04-28</subfield>
    <subfield code="w">2020-04-28</subfield>
    <subfield code="y">RUB</subfield>
  </datafield>
  <datafield tag="952" ind1=" " ind2=" ">
    <subfield code="0">0</subfield>
    <subfield code="1">0</subfield>
    <subfield code="2">ddc</subfield>
    <subfield code="4">0</subfield>
    <subfield code="6">RUB_THA_2018_000000000000000_B662_OR_2</subfield>
    <subfield code="7">0</subfield>
    <subfield code="9">84178</subfield>
    <subfield code="a">LBB</subfield>
    <subfield code="b">LBB</subfield>
    <subfield code="c">B622</subfield>
    <subfield code="d">2020-04-28</subfield>
    <subfield code="o">RUB THA 2018 B662 Or.2</subfield>
    <subfield code="p">A42292</subfield>
    <subfield code="r">2020-04-28</subfield>
    <subfield code="w">2020-04-28</subfield>
    <subfield code="y">RUB</subfield>
  </datafield>
  <datafield tag="952" ind1=" " ind2=" ">
    <subfield code="0">0</subfield>
    <subfield code="1">0</subfield>
    <subfield code="2">ddc</subfield>
    <subfield code="4">0</subfield>
    <subfield code="6">RUB_THA_2018_000000000000000_B662_OR_3</subfield>
    <subfield code="7">0</subfield>
    <subfield code="9">84179</subfield>
    <subfield code="a">LBB</subfield>
    <subfield code="b">LBB</subfield>
    <subfield code="c">B622</subfield>
    <subfield code="d">2020-04-28</subfield>
    <subfield code="o">RUB THA 2018 B662 Or.3</subfield>
    <subfield code="p">A43277</subfield>
    <subfield code="r">2020-04-28</subfield>
    <subfield code="w">2020-04-28</subfield>
    <subfield code="y">RUB</subfield>
  </datafield>
  <datafield tag="952" ind1=" " ind2=" ">
    <subfield code="0">0</subfield>
    <subfield code="1">0</subfield>
    <subfield code="2">ddc</subfield>
    <subfield code="4">0</subfield>
    <subfield code="6">RUB_THA_2018_000000000000000_B662_OR_4</subfield>
    <subfield code="7">0</subfield>
    <subfield code="9">84180</subfield>
    <subfield code="a">LBB</subfield>
    <subfield code="b">LBB</subfield>
    <subfield code="c">B622</subfield>
    <subfield code="d">2020-04-28</subfield>
    <subfield code="o">RUB THA 2018 B662 Or.4</subfield>
    <subfield code="p">A42217</subfield>
    <subfield code="r">2020-04-28</subfield>
    <subfield code="w">2020-04-28</subfield>
    <subfield code="y">RUB</subfield>
  </datafield>
  <datafield tag="952" ind1=" " ind2=" ">
    <subfield code="0">0</subfield>
    <subfield code="1">0</subfield>
    <subfield code="2">ddc</subfield>
    <subfield code="4">0</subfield>
    <subfield code="6">RUB_THA_2018_000000000000000_B662_OR_5</subfield>
    <subfield code="7">0</subfield>
    <subfield code="9">84181</subfield>
    <subfield code="a">LBB</subfield>
    <subfield code="b">LBB</subfield>
    <subfield code="c">B622</subfield>
    <subfield code="d">2020-04-28</subfield>
    <subfield code="o">RUB THA 2018 B662 Or.5</subfield>
    <subfield code="p">A43860</subfield>
    <subfield code="r">2020-04-28</subfield>
    <subfield code="w">2020-04-28</subfield>
    <subfield code="y">RUB</subfield>
  </datafield>
  <datafield tag="952" ind1=" " ind2=" ">
    <subfield code="0">0</subfield>
    <subfield code="1">0</subfield>
    <subfield code="2">ddc</subfield>
    <subfield code="4">0</subfield>
    <subfield code="6">RUB_THA_2018_000000000000000_B662_OR_6</subfield>
    <subfield code="7">0</subfield>
    <subfield code="9">84182</subfield>
    <subfield code="a">LBB</subfield>
    <subfield code="b">LBB</subfield>
    <subfield code="c">B622</subfield>
    <subfield code="d">2020-04-28</subfield>
    <subfield code="o">RUB THA 2018 B662 Or.6</subfield>
    <subfield code="p">A42250</subfield>
    <subfield code="r">2020-04-28</subfield>
    <subfield code="w">2020-04-28</subfield>
    <subfield code="y">RUB</subfield>
  </datafield>
</record>
